<?xml version="1.0" encoding="UTF-8"?>
<record
    xmlns:xsi="http://www.w3.org/2001/XMLSchema-instance"
    xsi:schemaLocation="http://www.loc.gov/MARC21/slim http://www.loc.gov/standards/marcxml/schema/MARC21slim.xsd"
    xmlns="http://www.loc.gov/MARC21/slim">

  <leader>01166nam a22002537a 4500</leader>
  <controlfield tag="005">20170124103146.0</controlfield>
  <datafield tag="010" ind1=" " ind2=" ">
    <subfield code="a">B-027147</subfield>
  </datafield>
  <datafield tag="020" ind1=" " ind2=" ">
    <subfield code="c">125.00</subfield>
  </datafield>
  <datafield tag="035" ind1=" " ind2=" ">
    <subfield code="a">B-027147</subfield>
  </datafield>
  <datafield tag="037" ind1=" " ind2=" ">
    <subfield code="b">Cen Lib/Ret</subfield>
  </datafield>
  <datafield tag="040" ind1=" " ind2=" ">
    <subfield code="a">DPL</subfield>
    <subfield code="b">HN</subfield>
  </datafield>
  <datafield tag="082" ind1=" " ind2=" ">
    <subfield code="a">025.3</subfield>
    <subfield code="b">&#x915;&#x941;&#x932;&#x936;&#x94D;&#x930;&#x947;</subfield>
  </datafield>
  <datafield tag="100" ind1=" " ind2=" ">
    <subfield code="a">&#x915;&#x941;&#x932;&#x936;&#x94D;&#x930;&#x947;&#x937;&#x94D;&#x920;, &#x905;&#x91C;&#x92F; </subfield>
    <subfield code="9">43331</subfield>
  </datafield>
  <datafield tag="245" ind1=" " ind2=" ">
    <subfield code="a">&#x92A;&#x94D;&#x930;&#x93E;&#x92F;&#x94B;&#x917;&#x93F;&#x915; &#x938;&#x942;&#x91A;&#x940;&#x915;&#x930;&#x923; :</subfield>
    <subfield code="c">&#x905;&#x91C;&#x92F; &#x915;&#x941;&#x932;&#x936;&#x94D;&#x930;&#x947;&#x937;&#x94D;&#x920;</subfield>
    <subfield code="b">C.C.C. &amp; D.C.C. /</subfield>
  </datafield>
  <datafield tag="246" ind1=" " ind2=" ">
    <subfield code="a">Prayogik prachookaran : C.C.C. &amp; D.C.C. /</subfield>
    <subfield code="b">by Ajay Kulshreshth</subfield>
  </datafield>
  <datafield tag="260" ind1=" " ind2=" ">
    <subfield code="a">&#x91C;&#x92F;&#x92A;&#x941;&#x930; </subfield>
    <subfield code="b">&#x92F;&#x942;&#x928;&#x93F;&#x915; &#x91F;&#x94D;&#x930;&#x947;&#x921;&#x930;&#x94D;&#x938; </subfield>
    <subfield code="c">1992</subfield>
  </datafield>
  <datafield tag="270" ind1=" " ind2=" ">
    <subfield code="a">&#x91A;&#x94C;&#x921;&#x93C;&#x93E; &#x930;&#x93E;&#x938;&#x94D;&#x924;&#x93E;  </subfield>
    <subfield code="b">&#x91C;&#x92F;&#x92A;&#x941;&#x930; </subfield>
  </datafield>
  <datafield tag="300" ind1=" " ind2=" ">
    <subfield code="a">270&#x92A;&#x943;. </subfield>
    <subfield code="c">21&#x938;&#x947;&#x92E;&#x940; (&#x938;&#x91C;&#x93F;&#x932;&#x94D;&#x926;)</subfield>
  </datafield>
  <datafield tag="650" ind1=" " ind2=" ">
    <subfield code="a">&#x92A;&#x941;&#x938;&#x94D;&#x924;&#x915;&#x93E;&#x932;&#x92F; &#x935;&#x93F;&#x91C;&#x94D;&#x91E;&#x93E;&#x928;--&#x92A;&#x94D;&#x930;&#x938;&#x942;&#x91A;&#x93F;&#x915;&#x930;&#x923; &#x92A;&#x94D;&#x930;&#x923;&#x93E;&#x932;&#x940; </subfield>
    <subfield code="9">86101</subfield>
  </datafield>
  <datafield tag="650" ind1=" " ind2=" ">
    <subfield code="a">&#x92A;&#x941;&#x938;&#x94D;&#x924;&#x915;&#x93E;&#x932;&#x92F; &#x935;&#x93F;&#x91C;&#x94D;&#x91E;&#x93E;&#x928;--Cataloguing scheme</subfield>
    <subfield code="9">86102</subfield>
  </datafield>
  <datafield tag="650" ind1=" " ind2=" ">
    <subfield code="a">C.C.C. &amp; D.C.C.--&#x92A;&#x94D;&#x930;&#x938;&#x942;&#x91A;&#x940;&#x915;&#x930;&#x923;</subfield>
    <subfield code="9">86103</subfield>
  </datafield>
  <datafield tag="650" ind1=" " ind2=" ">
    <subfield code="a">C.C.C. &amp; D.C.C--Cataloguing</subfield>
    <subfield code="9">86104</subfield>
  </datafield>
  <datafield tag="942" ind1=" " ind2=" ">
    <subfield code="2">ddc</subfield>
    <subfield code="c">HN</subfield>
    <subfield code="h">025.3</subfield>
    <subfield code="m">&#x915;&#x941;&#x932;&#x936;&#x94D;&#x930;&#x947;</subfield>
  </datafield>
  <datafield tag="999" ind1=" " ind2=" ">
    <subfield code="c">119659</subfield>
    <subfield code="d">119659</subfield>
  </datafield>
  <datafield tag="952" ind1=" " ind2=" ">
    <subfield code="0">0</subfield>
    <subfield code="1">0</subfield>
    <subfield code="4">0</subfield>
    <subfield code="7">0</subfield>
    <subfield code="a">L</subfield>
    <subfield code="b">L</subfield>
    <subfield code="d">2015-09-18</subfield>
    <subfield code="e">Cen Lib/Ret</subfield>
    <subfield code="g">125.00</subfield>
    <subfield code="l">2</subfield>
    <subfield code="m">2</subfield>
    <subfield code="o">025.3 &#x915;&#x941;&#x932;&#x936;&#x94D;&#x930;&#x947;</subfield>
    <subfield code="p">B-027147</subfield>
    <subfield code="r">2024-06-22 00:00:00</subfield>
    <subfield code="s">2024-05-09</subfield>
    <subfield code="t">1</subfield>
    <subfield code="v">125.00</subfield>
    <subfield code="w">2015-09-18</subfield>
    <subfield code="y">HN</subfield>
  </datafield>
</record>
